000 00740nam a2200265Ia 4500
005 20251020182514.0
008 200515s9999 xx 000 0 und d
020 _a84-8301-315-0
082 _a658.3/M77/1
100 _aBlasco, Joan
100 _aGregori, Enrique
100 _aMondelo, Pedro R.
245 0 _aErgonomia 1
250 _a3 ed.
260 _aMéxico, D.F.
260 _bAlfaomega
260 _c2000
300 _a194 p.
300 _bil., tbl.
500 _aTomo I. 1 ejemplar
520 _aOfrece una visión general de los aspectos básicos de la ergonomía. Está dividida en ocho capítulos, que abordan los temas de relaciones dimensionales.
650 _aERGONOMIA
942 _cLIB
999 _c1529
_d1529